000 00284nam a2200109Ia 4500
008 220120s9999||||xx |||||||||||||| ||und||
100 _aMallesh, Adicherala
245 0 _aFormal language automota theory
260 _aProffestional publication
300 _b0
650 _aGENERAL BOOKS
999 _c136859
_d136859